Comparison of non-linear, linearized 2nd order and reduced to FOPDT models of CSTR using different tuning methods; Resource-Efficient Technologies; Vol. 2, Suppl. 1

Dettagli Bibliografici
Parent link:Resource-Efficient Technologies: electronic scientific journal/ National Research Tomsk Polytechnic University (TPU).— , 2015-.— 2405-6537
Vol. 2, Suppl. 1.— 2016.— [P. S71–S75]
Autore principale: Munna Kumar
Altri autori: Singh R. S.
Riassunto:Title screen
Process modelling and design of controller based on the process model is an important step in the process control. In the present study three different mathematical models i.e. non-linear process model, linearized 2nd order model and first order with dead time (FOPDT) model of a CSTR with the concentration of output of product as controlled parameter were developed. Proportional Integral (PI) controllers were designed based on 2nd order and FOPDT models of a CSTR using SIMC (Skogestad internal model control), Hagglund and Astrom, and a computational method with 5% overshoot. In all the three tuning methods, the nonlinear model provided better results in terms of various time parameters (Tr, Ty, Ts) and in error analysis (IAE, ITAE and ISE).
Lingua:inglese
Pubblicazione: 2016
Soggetti:
Accesso online:http://earchive.tpu.ru/handle/11683/50238
Natura: MixedMaterials Elettronico Capitolo di libro
KOHA link:https://koha.lib.tpu.ru/cgi-bin/koha/opac-detail.pl?biblionumber=570936

MARC

LEADER 00000naa2a2200000 4500
001 570936
005 20231101125125.0
035 |a (RuTPU)RU\TPU\prd\268682 
035 |a RU\TPU\prd\268681 
090 |a 570936 
100 |a 20170111a2016 k y0rusy50 ba 
101 0 |a eng 
102 |a RU 
135 |a drcn ---uucaa 
200 1 |a Comparison of non-linear, linearized 2nd order and reduced to FOPDT models of CSTR using different tuning methods  |b Electronic resource  |f Munna Kumar, R. S. Singh 
203 |a Text  |c electronic 
300 |a Title screen 
320 |a [References: p. S75 (17 tit.)] 
330 |a Process modelling and design of controller based on the process model is an important step in the process control. In the present study three different mathematical models i.e. non-linear process model, linearized 2nd order model and first order with dead time (FOPDT) model of a CSTR with the concentration of output of product as controlled parameter were developed. Proportional Integral (PI) controllers were designed based on 2nd order and FOPDT models of a CSTR using SIMC (Skogestad internal model control), Hagglund and Astrom, and a computational method with 5% overshoot. In all the three tuning methods, the nonlinear model provided better results in terms of various time parameters (Tr, Ty, Ts) and in error analysis (IAE, ITAE and ISE). 
461 1 |0 (RuTPU)RU\TPU\prd\247369  |x 2405-6537  |t Resource-Efficient Technologies  |o electronic scientific journal  |f National Research Tomsk Polytechnic University (TPU)  |d 2015- 
463 1 |0 (RuTPU)RU\TPU\prd\268664  |t Vol. 2, Suppl. 1  |v [P. S71–S75]  |d 2016 
610 1 |a труды учёных ТПУ 
610 1 |a электронный ресурс 
610 1 |a ПИ-регуляторы 
700 0 |a Munna Kumar 
701 1 |a Singh  |b R. S. 
801 1 |a RU  |b 63413507  |c 20090623  |g PSBO 
801 2 |a RU  |b 63413507  |c 20180830  |g PSBO 
856 4 |u http://earchive.tpu.ru/handle/11683/50238 
942 |c BK